Top 15 Länder mit Covid-19-Todesfällen - 27. April 2022 - Statistiken

Allgemein
  • Dieses Quiz wurde 20 mal gespielt
  • Das Durchschnittsergebnis liegt bei 12 aus 27
Antwortstatistiken
Land % Korrekt
Deutschland
94%
Vereinigte Staaten
94%
Frankreich
82%
Indien
82%
Russland
82%
Brasilien
65%
Vereinigtes Königreich
65%
Mexiko
59%
Polen
59%
Italien
53%
Argentinien
41%
Iran
41%
Ungarn
35%
Bosnien und Herzegowina
29%
Bulgarien
29%
Kolumbien
29%
Kroatien
29%
Lettland
29%
Litauen
29%
Peru
29%
Rumänien
29%
Slowakei
29%
Slowenien
29%
Tschechien
29%
Georgien
24%
Indonesien
24%
Nordmazedonien
18%
Keine übereinstimmenden Quizze gefunden
Verteilung der Resultate
Anzahl Personen mit jedem Resultat
Perzentil nach korrekt beantworteten Fragen
Ihre Resultats-Entwicklung
Sie haben dieses Quiz noch nicht gespielt